[Event "Quebec-ch Amateur"]
[Site "Montreal CAN"]
[Date "2014.10.11"]
[Round "3"]
[White "Abreu Cordero, Jose"]
[Black "Weston, Paul"]
[Result "1-0"]
[WhiteElo "2009"]
[BlackElo "1986"]
[PlyCount "161"]
[EventDate "2014.10.10"]
[EventType "swiss"]
[EventRounds "7"]
[EventCountry "CAN"]

1. e4 e5 2. Nf3 Nf6 3. Nc3 Bb4 4. Nd5 Nxd5 5. exd5 O-O 6. c3 Ba5 7. d3 d6 8.
Be2 h6 9. Nd2 b5 10. Bf3 Bb7 11. Qb3 Bb6 12. a4 bxa4 13. Qxa4 Nd7 14. Nb3 a5
15. c4 f5 16. Be2 e4 17. d4 f4 18. Bg4 Bc8 19. Be6+ Kh8 20. h4 Qe7 21. Bd2 e3
22. Bc3 exf2+ 23. Kxf2 Ne5 24. Kf1 Nd3 25. Rd1 Bxe6 26. dxe6 f3 27. Rxd3 fxg2+
28. Kxg2 Qxe6 29. Re1 Qf5 30. Rg3 Qf2+ 31. Kh3 Rf3 32. Reg1 Raf8 33. Qd7 Rxg3+
34. Rxg3 Qf1+ 35. Rg2 Qf3+ 36. Kh2 Qf4+ 37. Kh3 Qf3+ 38. Kh2 Qf4+ 39. Kg1 Rf7
40. Qg4 Qf1+ 41. Kh2 Qxc4 42. Nd2 Qd5 43. Qg6 c6 44. Ne4 Qf5 45. Qxf5 Rxf5 46.
Nxd6 Bc7 47. Rg6 Rd5 48. Kg2 Bxd6 49. Bxa5 Be7 50. Bc3 Bf6 51. Rg4 Kg8 52. Kf3
Kf7 53. Ke4 Rh5 54. Be1 Ke6 55. b4 Rf5 56. Rg1 Rh5 57. Rg4 Rd5 58. Bf2 Rd7 59.
Rg1 Rb7 60. Rc1 Kd7 61. Be1 Rb5 62. Rc5 Rxc5 63. bxc5 Ke6 64. h5 Bg5 65. Bg3
Be7 66. Be5 Bf8 67. Kf4 Kf7 68. Kf5 Be7 69. Bd6 Bf6 70. Be5 Be7 71. d5 cxd5 72.
c6 Bd8 73. c7 Bxc7 74. Bxc7 d4 75. Be5 d3 76. Bc3 Kf8 77. Kg6 Kg8 78. Bb4 Kh8
79. Ba5 Kg8 80. Bc3 Kh8 81. Bxg7+ 1-0

[Event "Quebec-ch Amateur"]
[Site "Montreal CAN"]
[Date "2014.10.11"]
[Round "3"]
[White "Hirschberg, Valerian"]
[Black "Nikulich, Oleksandr"]
[Result "1-0"]
[WhiteElo "2319"]
[BlackElo "2006"]
[PlyCount "133"]
[EventDate "2014.10.10"]
[EventType "swiss"]
[EventRounds "7"]
[EventCountry "CAN"]

1. Nf3 f5 2. d4 Nf6 3. g3 g6 4. Bg2 Bg7 5. b3 O-O 6. Bb2 d6 7. O-O Ne4 8. Nbd2
Nxd2 9. Qxd2 Qe8 10. c4 Nd7 11. d5 Bxb2 12. Qxb2 e5 13. dxe6 Qxe6 14. Ng5 Qf6
15. Qd2 Ne5 16. Nh3 Nf7 17. Nf4 c6 18. b4 a6 19. a4 Bd7 20. Rfd1 Rad8 21. a5
Bc8 22. Rac1 Ne5 23. Qc3 Kh8 24. Nd3 Nxd3 25. Rxd3 Qxc3 26. Rdxc3 Rfe8 27. e3
Kg8 28. b5 Bd7 29. bxc6 bxc6 30. Rd3 Re6 31. Rb1 Ra8 32. Rb6 Ra7 33. f4 Kf7 34.
Kf2 Ke7 35. Rdb3 c5 36. Bd5 Rf6 37. Rb7 Rxb7 38. Bxb7 Rf8 39. Rb6 Rb8 40. Bxa6
Rxb6 41. axb6 Kd8 42. Ke2 Bc6 43. Kd3 Be4+ 44. Kc3 Kd7 45. Bb5+ Kc8 46. Be8 Kb7
47. Bf7 Kxb6 48. h4 Bf3 49. Bg8 h6 50. Bf7 Bh5 51. e4 Bf3 52. Bxg6 fxe4 53. Kd2
Kc7 54. Ke3 Kd7 55. Bxe4 Bg4 56. f5 Ke7 57. Kf4 Be2 58. Bd5 Kf6 59. g4 Bd3 60.
g5+ hxg5+ 61. hxg5+ Kg7 62. f6+ Kf8 63. Ke3 Bg6 64. Be4 Bf7 65. Bd3 Be6 66. g6
Kg8 67. Kd2 1-0

[Event "Quebec-ch Amateur"]
[Site "Montreal CAN"]
[Date "2014.10.11"]
[Round "3"]
[White "Le Duin, Thierry"]
[Black "Bouchard, Jean-Marc"]
[Result "1/2-1/2"]
[WhiteElo "2070"]
[BlackElo "1957"]
[PlyCount "72"]
[EventDate "2014.10.10"]
[EventType "swiss"]
[EventRounds "7"]
[EventCountry "CAN"]

1. d4 d5 2. Nf3 e6 3. Bg5 Qd6 4. c3 f5 5. e3 c6 6. Ne5 g6 7. h4 Bg7 8. Bf4 Qe7
9. Nd2 Nd7 10. Ndf3 Ngf6 11. Bd3 Nxe5 12. Bxe5 b6 13. Qa4 Bb7 14. g3 O-O 15.
O-O Nd7 16. Bxg7 Kxg7 17. Rfd1 e5 18. dxe5 Nxe5 19. Qd4 Rfe8 20. Qxe5+ Qxe5 21.
Nxe5 Rxe5 22. Bf1 Re7 23. Rd2 Rae8 24. b4 b5 25. a4 a6 26. Bg2 Kf6 27. Bf3 Rh8
28. Kf1 Ree8 29. Ke2 h5 30. Kd3 Ke5 31. Rda2 Ra8 32. axb5 axb5 33. Rxa8 Rxa8
34. Rxa8 Bxa8 35. Bh1 Bb7 36. f3 Bc8 1/2-1/2

[Event "Quebec-ch Amateur"]
[Site "Montreal CAN"]
[Date "2014.10.11"]
[Round "3"]
[White "Libersan, Thierry"]
[Black "Jacquet, Stephane"]
[Result "1-0"]
[WhiteElo "2215"]
[BlackElo "2030"]
[PlyCount "65"]
[EventDate "2014.10.10"]
[EventType "swiss"]
[EventRounds "7"]
[EventCountry "CAN"]

1. e4 d6 2. d4 Nf6 3. f3 g6 4. Be3 Bg7 5. Qd2 Nbd7 6. Bc4 c6 7. Bb3 b5 8. a4
Bb7 9. axb5 cxb5 10. Nc3 a6 11. Nge2 Qc7 12. Bh6 Bxh6 13. Qxh6 Nb6 14. O-O Nc4
15. Nf4 e6 16. Qg7 O-O-O 17. Qxf6 Nxb2 18. Nce2 Nc4 19. Bxc4 bxc4 20. Nc3 Rhg8
21. Rfb1 g5 22. Nxe6 fxe6 23. Qxe6+ Qd7 24. Qxc4+ Qc7 25. Qe6+ Qd7 26. Qb3 Qc7
27. Ra4 d5 28. exd5 Qg7 29. Rc4+ Kb8 30. Rb4 Rd7 31. Ne4 a5 32. Rb5 Rc8 33. c3
1-0

[Event "Quebec-ch Amateur"]
[Site "Montreal CAN"]
[Date "2014.10.11"]
[Round "3"]
[White "Robichaud, Louis"]
[Black "Trahan, Daniel"]
[Result "1-0"]
[WhiteElo "1982"]
[BlackElo "2057"]
[PlyCount "125"]
[EventDate "2014.10.10"]
[EventType "swiss"]
[EventRounds "7"]
[EventCountry "CAN"]

1. e4 c5 2. d3 Nc6 3. g3 g6 4. Bg2 Bg7 5. f4 e6 6. Nf3 Nge7 7. O-O O-O 8. e5 d6
9. exd6 Qxd6 10. Nbd2 b6 11. Nc4 Qc7 12. a4 Bb7 13. c3 Nd5 14. Qe2 Rad8 15. h4
a6 16. h5 Nde7 17. hxg6 hxg6 18. Be3 Nb8 19. Bf2 Nd7 20. a5 b5 21. Nce5 Nxe5
22. Nxe5 Bxg2 23. Kxg2 Qd6 24. Rad1 Nc6 25. Nxc6 Qxc6+ 26. Qe4 Rc8 27. Qxc6
Rxc6 28. d4 c4 29. d5 exd5 30. Rxd5 Re8 31. Bd4 Bxd4 32. Rxd4 Kg7 33. g4 Ree6
34. Kf3 Rc8 35. Rfd1 Rce8 36. f5 Re3+ 37. Kf4 Re2 38. R1d2 Re1 39. Rd6 gxf5 40.
gxf5 Rf1+ 41. Kg4 Re4+ 42. Kg3 Rg1+ 43. Kh2 Ree1 44. Rxa6 Rh1+ 45. Kg3 Rhg1+
46. Kf3 Ref1+ 47. Rf2 Rxf2+ 48. Kxf2 Rb1 49. Rb6 Rxb2+ 50. Ke3 Rb3 51. Kd4 Kf8
52. a6 Kg7 53. a7 Ra3 54. Rb7 Kf6 55. Kc5 Kxf5 56. Rxf7+ Ke6 57. Rh7 Ke5 58.
Kxb5 Kd5 59. Kb6 Ke4 60. Rh5 Kd3 61. Ra5 Rxa5 62. Kxa5 Kxc3 63. a8=Q 1-0

[Event "Quebec-ch Amateur"]
[Site "Montreal CAN"]
[Date "2014.10.11"]
[Round "3"]
[White "Turcotte, Jonathan"]
[Black "Gauthier, Denis"]
[Result "1-0"]
[WhiteElo "2127"]
[BlackElo "1881"]
[PlyCount "61"]
[EventDate "2014.10.10"]
[EventType "swiss"]
[EventRounds "7"]
[EventCountry "CAN"]

1. d4 Nf6 2. Nf3 e6 3. c4 Bb4+ 4. Bd2 Qe7 5. g3 b6 6. Bg2 Bb7 7. O-O Bxd2 8.
Qxd2 d6 9. Qg5 O-O 10. Nc3 Re8 11. Rfe1 Nbd7 12. e4 e5 13. Rad1 Nf8 14. dxe5
dxe5 15. Nh4 h6 16. Qe3 Qe6 17. b3 Ng4 18. Qe2 Nf6 19. Nf5 Kh7 20. Nd5 Rac8 21.
h4 g6 22. Bh3 c6 23. Nxf6+ Qxf6 24. Nd6 Rb8 25. Nxe8 Rxe8 26. Rd3 Bc8 27. Bxc8
Rxc8 28. Qf3 Kg7 29. Red1 Ne6 30. Qxf6+ Kxf6 31. Rd7 1-0

[Event "Quebec-ch Amateur"]
[Site "Montreal CAN"]
[Date "2014.10.11"]
[Round "3"]
[White "Zhou, Qiyu"]
[Black "Sambuev, Bator"]
[Result "1/2-1/2"]
[WhiteElo "2111"]
[BlackElo "2569"]
[PlyCount "137"]
[EventDate "2014.10.10"]
[EventType "swiss"]
[EventRounds "7"]
[EventCountry "CAN"]

1. d4 d5 2. Nf3 c6 3. c4 e6 4. e3 Bd6 5. b3 f5 6. Bd3 Nf6 7. O-O Qe7 8. Bb2 O-O
9. Ne5 b6 10. Nd2 Bb7 11. Qe2 Nbd7 12. Rac1 Rac8 13. Rfd1 Rfd8 14. cxd5 cxd5
15. Ba6 Nb8 16. Bd3 Ne4 17. f3 Nxd2 18. Qxd2 Bxe5 19. dxe5 Ba6 20. Bb1 Nc6 21.
Qf2 Rc7 22. e4 fxe4 23. fxe4 d4 24. Rc2 Nxe5 25. Bxd4 Rcd7 26. Rcd2 Qg5 27. Qe3
Qxe3+ 28. Bxe3 Rxd2 29. Rxd2 Rxd2 30. Bxd2 Bd3 31. Bxd3 Nxd3 32. Be3 Kf7 33.
Kf1 Ke7 34. Ke2 Nb4 35. a4 Kd6 36. Bd4 g6 37. Kd2 Nc6 38. Kc3 Nd8 39. Kc4 Kc6
40. b4 Nf7 41. Kd3 a6 42. Bg7 b5 43. a5 e5 44. Bf8 Nd8 45. Bc5 Ne6 46. Be3 Kd6
47. g3 Nd8 48. Bc5+ Ke6 49. Ke3 Nb7 50. Bb6 Nd6 51. Kd3 Nc4 52. Bc5 Kf6 53. h3
Kg5 54. Be7+ Kh5 55. Bf6 Kh6 56. Be7 Kg7 57. Bc5 Kf7 58. Bf2 Nd6 59. Bc5 Ne8
60. Ke3 Ng7 61. Kd3 Ne6 62. Be3 Kf6 63. Ke2 h5 64. Kf3 Nd4+ 65. Kf2 g5 66. h4
gxh4 67. gxh4 Ke6 68. Bxd4 exd4 69. Ke2 1/2-1/2

[Event "Quebec-ch Amateur"]
[Site "Montreal CAN"]
[Date "2014.10.11"]
[Round "3"]
[White "Zhu, Hong Rui"]
[Black "Yu, Zong Yang"]
[Result "1/2-1/2"]
[WhiteElo "2193"]
[BlackElo "2321"]
[PlyCount "117"]
[EventDate "2014.10.10"]
[EventType "swiss"]
[EventRounds "7"]
[EventCountry "CAN"]

1. e4 c5 2. Nf3 d6 3. d4 cxd4 4. Nxd4 Nf6 5. Nc3 g6 6. Be3 Bg7 7. f3 O-O 8. Qd2
Nc6 9. O-O-O d5 10. Qe1 e5 11. Nxc6 bxc6 12. exd5 Nxd5 13. Bc4 Be6 14. Ne4 Qc7
15. Bc5 Rfd8 16. h4 h6 17. g4 Rab8 18. g5 h5 19. Rh2 Qb7 20. c3 Qc7 21. Bb3 Qa5
22. Bd6 Rb7 23. c4 Qxe1 24. Rxe1 Nf4 25. Rd2 Rbd7 26. Red1 Bf5 27. Bc2 Ne6 28.
Nf6+ Bxf6 29. Bxf5 Bxg5 30. hxg5 gxf5 31. Bxe5 Rxd2 32. Rxd2 Rxd2 33. Kxd2 f4
34. b4 a6 35. a4 Nxg5 36. Ke2 Ne6 37. b5 cxb5 38. cxb5 axb5 39. axb5 Kh7 40. b6
Nc5 41. Bd6 Nb7 42. Bxf4 Kg6 43. Kd3 Kf5 44. Bg3 Ke6 45. Ke4 Nc5+ 46. Kd4 Nb7
47. Kc4 f6 48. Kd4 Nd8 49. Kc5 Kd7 50. Kd5 Kc8 51. Ke4 Kb7 52. Bf2 Nf7 53. f4
Nh6 54. Bg1 Kc6 55. Bd4 Ng4 56. Kf5 Nh2 57. Bf2 Nf3 58. Kg6 h4 59. Bxh4 1/2-1/2

[Event "Quebec-ch Amateur"]
[Site "Montreal CAN"]
[Date "2014.10.12"]
[Round "4"]
[White "Bolduc, Steve"]
[Black "Jacquet, Stephane"]
[Result "1-0"]
[WhiteElo "2292"]
[BlackElo "2030"]
[PlyCount "137"]
[EventDate "2014.10.10"]
[EventType "swiss"]
[EventRounds "7"]
[EventCountry "CAN"]

1. d4 d5 2. c4 dxc4 3. Nf3 Nf6 4. e3 e6 5. Bxc4 c5 6. O-O a6 7. Bb3 Nc6 8. Nc3
Be7 9. dxc5 Qxd1 10. Rxd1 Bxc5 11. h3 O-O 12. e4 e5 13. Bg5 Nd7 14. Nd5 Nd4 15.
Nxd4 Bxd4 16. Nc7 Rb8 17. Be7 Bxb2 18. Rab1 Bd4 19. Bd5 b6 20. Rdc1 a5 21. g3
g5 22. Kg2 Kg7 23. Bxf8+ Kxf8 24. Rb3 Nf6 25. Bc6 h5 26. a4 g4 27. h4 Bb7 28.
Bxb7 Rxb7 29. f3 gxf3+ 30. Kxf3 Nd7 31. Nb5 Bc5 32. g4 hxg4+ 33. Kxg4 Ke7 34.
Rh3 Rb8 35. h5 Rg8+ 36. Kf3 Nf6 37. Nc3 Ke6 38. h6 Nh7 39. Rg3 Ng5+ 40. Ke2 f6
41. Rh1 Bd4 42. Nd5 Rh8 43. Rxg5 fxg5 44. Kf3 Kf7 45. Kg4 Kg6 46. Ne7+ Kf6 47.
Nf5 Rh7 48. Rc1 Bc5 49. Kh5 Rd7 50. Rc2 Rd1 51. Rh2 Rd7 52. Rh3 Bf8 53. Rf3 Ke6
54. Kg6 Bxh6 55. Kxh6 g4 56. Rb3 g3 57. Rxg3 Rd1 58. Rg6+ Kd7 59. Rxb6 Ra1 60.
Rb5 Rxa4 61. Rxe5 Ra1 62. Kg5 a4 63. Kf6 a3 64. Ra5 a2 65. e5 Kc6 66. e6 Kb6
67. Ra3 Kb5 68. e7 Kb4 69. Ra8 1-0

[Event "Quebec-ch Amateur"]
[Site "Montreal CAN"]
[Date "2014.10.12"]
[Round "4"]
[White "Bouchard, Jean-Marc"]
[Black "Abreu Cordero, Jose"]
[Result "0-1"]
[WhiteElo "1957"]
[BlackElo "2009"]
[PlyCount "49"]
[EventDate "2014.10.10"]
[EventType "swiss"]
[EventRounds "7"]
[EventCountry "CAN"]

1. b3 d5 2. Bb2 c5 3. e3 Nf6 4. Nf3 Nc6 5. d4 cxd4 6. Nxd4 e6 7. Be2 Bd6 8. O-O
O-O 9. c4 Nxd4 10. Qxd4 e5 11. Qh4 Be6 12. Nd2 Qe7 13. Rfd1 Rac8 14. Bd3 h6 15.
cxd5 Bxd5 16. Nc4 Bb8 17. e4 Bxc4 18. Bxc4 a6 19. a4 Rfd8 20. h3 Qb4 21. Rxd8+
Rxd8 22. f3 b5 23. axb5 axb5 24. Bd5 Qd2 25. Ba3 0-1

[Event "Quebec-ch Amateur"]
[Site "Montreal CAN"]
[Date "2014.10.12"]
[Round "4"]
[White "Gauthier, Denis"]
[Black "Weston, Paul"]
[Result "1-0"]
[WhiteElo "1881"]
[BlackElo "1986"]
[PlyCount "165"]
[EventDate "2014.10.10"]
[EventType "swiss"]
[EventRounds "7"]
[EventCountry "CAN"]

1. d4 Nf6 2. c4 g6 3. Nc3 Bg7 4. e4 d6 5. Bd3 Nbd7 6. Bc2 O-O 7. Nge2 e5 8. O-O
exd4 9. Nxd4 a5 10. Bg5 h6 11. Be3 Ne5 12. b3 Re8 13. f3 c6 14. Qd2 Kh7 15.
Rad1 d5 16. cxd5 cxd5 17. f4 Neg4 18. e5 Bf8 19. h3 Nxe3 20. Qxe3 Bc5 21. Kh2
Bf5 22. Bxf5 gxf5 23. Qf3 Ne4 24. Nxf5 Nxc3 25. Qxc3 Bf8 26. Qd3 Kg8 27. Qxd5
Qxd5 28. Rxd5 a4 29. b4 Bxb4 30. Nxh6+ Kg7 31. Nf5+ Kg6 32. Nd6 Red8 33. Rfd1
Ra6 34. Nxb7 Rc8 35. Rb5 Bf8 36. Nd6 Rc2 37. Rb8 Bh6 38. Rf1 Rxa2 39. f5+ Kg7
40. Ne8+ Kh7 41. Nf6+ Rxf6 42. exf6 a3 43. Ra8 Bg5 44. Rf3 Bc1 45. Kg3 Bb2 46.
Ra6 Ra1 47. Rb3 Kh6 48. Kg4 Rg1 49. g3 Rd1 50. Ra4 Ra1 51. Ra8 Kh7 52. Kf3 Rf1+
53. Ke4 Re1+ 54. Kd3 Rd1+ 55. Kc2 Rc1+ 56. Kd2 Ra1 57. g4 Rh1 58. Kc2 Rh2+ 59.
Kd3 Rxh3+ 60. Kc4 Rh4 61. Rg3 Rh1 62. Kb3 Be5 63. Rg2 Bxf6 64. Rxa3 Bg5 65. Kc4
Kg7 66. Kd5 Rd1+ 67. Ke4 Re1+ 68. Kf3 Rh1 69. Ra7 Rh3+ 70. Rg3 Rh1 71. Kg2 Rc1
72. Ra2 Rc4 73. Rd3 Rxg4+ 74. Rg3 Rxg3+ 75. Kxg3 f6 76. Kg4 Kh6 77. Rh2+ Kg7
78. Kh5 Kf7 79. Rb2 Ke7 80. Kg6 Kd6 81. Rb6+ Ke5 82. Re6+ Kf4 83. Rxf6 1-0

[Event "Quebec-ch Amateur"]
[Site "Montreal CAN"]
[Date "2014.10.12"]
[Round "4"]
[White "Libersan, Thierry"]
[Black "Zhou, Qiyu"]
[Result "1-0"]
[WhiteElo "2215"]
[BlackElo "2111"]
[PlyCount "101"]
[EventDate "2014.10.10"]
[EventType "swiss"]
[EventRounds "7"]
[EventCountry "CAN"]

1. e4 c5 2. Nf3 d6 3. d4 cxd4 4. Qxd4 a6 5. c4 Nc6 6. Qe3 g6 7. h3 Bg7 8. Nc3
Nf6 9. Be2 O-O 10. O-O Be6 11. Rb1 Nd7 12. b3 Nc5 13. Bb2 Qa5 14. Nd5 Qxa2 15.
Bxg7 Kxg7 16. b4 Nd7 17. Qc3+ Nce5 18. Rb2 Qa4 19. Nd4 Nf6 20. Nb6 Qe8 21. Nxa8
Qxa8 22. f4 Nc6 23. Nxe6+ fxe6 24. b5 Qa7+ 25. b6 Qb8 26. c5 d5 27. e5 Ng8 28.
Bg4 Kf7 29. Qg3 Nd8 30. Qh4 Kg7 31. c6 bxc6 32. Kh2 Qb7 33. Qf2 Nh6 34. Be2
Ndf7 35. Qc5 Rb8 36. Ra1 Ra8 37. Bxa6 Qd7 38. Bd3 Rb8 39. Ra7 Rb7 40. Ba6 Nd8
41. Bxb7 Nxb7 42. Qa3 Nf7 43. Rxb7 Qxb7 44. Qa7 Nd8 45. Rc2 d4 46. Qxb7 Nxb7
47. Rxc6 d3 48. Rc3 Nc5 49. Rxd3 Nxd3 50. b7 Nxf4 51. b8=Q 1-0

[Event "Quebec-ch Amateur"]
[Site "Montreal CAN"]
[Date "2014.10.12"]
[Round "4"]
[White "Nikulich, Oleksandr"]
[Black "Robichaud, Louis"]
[Result "0-1"]
[WhiteElo "2006"]
[BlackElo "1982"]
[PlyCount "122"]
[EventDate "2014.10.10"]
[EventType "swiss"]
[EventRounds "7"]
[EventCountry "CAN"]

1. e4 e5 2. Nf3 Nc6 3. Bb5 a6 4. Bxc6 dxc6 5. Nc3 Qd6 6. d4 exd4 7. Qxd4 Qxd4
8. Nxd4 Bd7 9. Ke2 O-O-O 10. Be3 Bb4 11. Rhd1 Ne7 12. Kf1 Rde8 13. Nde2 Ng6 14.
Rd4 Bd6 15. f4 f6 16. Re1 c5 17. Rdd1 Bc6 18. f5 Ne5 19. Ng3 h5 20. Bf4 h4 21.
Nh1 Nc4 22. Bxd6 Nxd6 23. Nf2 b5 24. Nd5 Kb7 25. b3 Bxd5 26. Rxd5 Kc6 27. Rd3
Re7 28. Rh3 Rhe8 29. Rxh4 Nxf5 30. Rg4 g5 31. c3 Nd6 32. h4 gxh4 33. Rxh4 f5
34. Rf4 Nxe4 35. Nxe4 fxe4 36. Re3 Kd5 37. Kf2 b4 38. c4+ Kd4 39. Rf5 Re5 40.
Rf7 R8e7 41. Rf8 R5e6 42. Rf5 c6 43. Rf8 a5 44. Rd8+ Ke5 45. Ra8 Rf7+ 46. Ke2
Rg7 47. g3 Rh7 48. Rxa5 Kd4 49. Kd2 Rh2+ 50. Re2 Reh6 51. Ra8 Rxe2+ 52. Kxe2
Rh2+ 53. Kd1 Kd3 54. Rd8+ Ke3 55. Ra8 Rg2 56. a4 bxa3 57. Rxa3 Kd4 58. Ra6 Kd3
59. Ke1 e3 60. Kf1 e2+ 61. Kxg2 e1=Q 0-1

[Event "Quebec-ch Amateur"]
[Site "Montreal CAN"]
[Date "2014.10.12"]
[Round "4"]
[White "Prahov, Valentin"]
[Black "Turcotte, Jonathan"]
[Result "1-0"]
[WhiteElo "2269"]
[BlackElo "2127"]
[PlyCount "71"]
[EventDate "2014.10.10"]
[EventType "swiss"]
[EventRounds "7"]
[EventCountry "CAN"]

1. e4 c6 2. d4 d5 3. exd5 cxd5 4. Bd3 Nc6 5. c3 Qc7 6. Ne2 Bg4 7. f3 Bd7 8. Bf4
e5 9. Bg3 Bd6 10. O-O Nf6 11. Na3 a6 12. Rc1 O-O 13. Bb1 b5 14. Nc2 Rfe8 15.
dxe5 Nxe5 16. b3 Bf5 17. Ncd4 Bxb1 18. Rxb1 Nh5 19. Bf2 Ng6 20. g3 Ne5 21. Kg2
Nf6 22. Rc1 Nfd7 23. Nf5 Ba3 24. Rc2 Nc5 25. Nf4 Qd7 26. Ne3 Rad8 27. Rd2 b4
28. Rxd5 Qc7 29. c4 Ne6 30. Nd3 Ng6 31. Rxd8 Rxd8 32. Nd5 Qd6 33. Re1 Ne7 34.
Nxe7+ Qxe7 35. Qe2 Qd6 36. Nc5 1-0

[Event "Quebec-ch Amateur"]
[Site "Montreal CAN"]
[Date "2014.10.12"]
[Round "4"]
[White "Sambuev, Bator"]
[Black "Le Duin, Thierry"]
[Result "1-0"]
[WhiteElo "2569"]
[BlackElo "2070"]
[PlyCount "61"]
[EventDate "2014.10.10"]
[EventType "swiss"]
[EventRounds "7"]
[EventCountry "CAN"]

1. d4 Nf6 2. c4 c5 3. e3 g6 4. Nc3 Bg7 5. Nf3 O-O 6. Be2 d6 7. O-O b6 8. h3 Bb7
9. d5 a6 10. a4 Nbd7 11. e4 Ne8 12. Bg5 Nc7 13. Qd2 Ne5 14. Nh2 f6 15. Be3 Bc8
16. f4 Nf7 17. Rab1 a5 18. h4 Bd7 19. h5 Qe8 20. hxg6 hxg6 21. b3 Kh7 22. Rf3
Bh6 23. Rg3 Rg8 24. Ng4 Qf8 25. Kf2 Qg7 26. Rh1 Bxg4 27. Bxg4 Raf8 28. Bf5 Qh8
29. Be6 Rg7 30. Rgh3 g5 31. g3 1-0

[Event "Quebec-ch Amateur"]
[Site "Montreal CAN"]
[Date "2014.10.12"]
[Round "4"]
[White "Trahan, Daniel"]
[Black "Gueorguiev, Valentin"]
[Result "0-1"]
[WhiteElo "2057"]
[BlackElo "1922"]
[PlyCount "84"]
[EventDate "2014.10.10"]
[EventType "swiss"]
[EventRounds "7"]
[EventCountry "CAN"]

1. d4 g6 2. e4 Bg7 3. Nf3 c5 4. d5 d6 5. c4 Qa5+ 6. Bd2 Qb6 7. Nc3 f5 8. Rb1
Nf6 9. e5 dxe5 10. Nxe5 Nbd7 11. f4 O-O 12. Be2 e6 13. Nxd7 Bxd7 14. O-O exd5
15. Nxd5 Nxd5 16. cxd5 Bd4+ 17. Kh1 Qd6 18. Bf3 Rfe8 19. Bc3 Qxf4 20. g3 Qe5
21. Bxd4 cxd4 22. Qd2 Bb5 23. Rfe1 Qf6 24. b3 Rac8 25. Rxe8+ Rxe8 26. Rd1 d3
27. Rc1 Qe5 28. a4 Ba6 29. b4 b6 30. b5 Bb7 31. Qxd3 Rd8 32. Rd1 f4 33. Kg2
fxg3 34. hxg3 Rf8 35. Bg4 Qf6 36. Qd4 Kg7 37. Bd7 Qxd4 38. Rxd4 Kf6 39. Bc6 Ke5
40. Rd2 Bc8 41. Rf2 Rxf2+ 42. Kxf2 Bf5 0-1

[Event "Quebec-ch Amateur"]
[Site "Montreal CAN"]
[Date "2014.10.12"]
[Round "4"]
[White "Yu, Zong Yang"]
[Black "Hirschberg, Valerian"]
[Result "1-0"]
[WhiteElo "2321"]
[BlackElo "2319"]
[PlyCount "45"]
[EventDate "2014.10.10"]
[EventType "swiss"]
[EventRounds "7"]
[EventCountry "CAN"]

1. d4 d5 2. Nf3 Nf6 3. c4 dxc4 4. g3 e6 5. Bg2 Be7 6. O-O O-O 7. Qc2 b5 8. a4
b4 9. Nbd2 Bb7 10. Nxc4 Be4 11. Qb3 Nbd7 12. Bf4 c5 13. Rfd1 Nd5 14. Bd6 cxd4
15. Nxd4 Bxg2 16. Nc6 Qc8 17. Nxe7+ Nxe7 18. Bxe7 Bd5 19. Bxf8 Bxc4 20. Qxb4
Rb8 21. Qd6 Nxf8 22. Rac1 Rb6 23. Qe7 1-0

[Event "Quebec-ch Amateur"]
[Site "Montreal CAN"]
[Date "2014.10.12"]
[Round "5"]
[White "Abreu Cordero, Jose"]
[Black "Prahov, Valentin"]
[Result "1/2-1/2"]
[WhiteElo "2009"]
[BlackElo "2269"]
[PlyCount "105"]
[EventDate "2014.10.10"]
[EventType "swiss"]
[EventRounds "7"]
[EventCountry "CAN"]

1. Nf3 Nf6 2. g3 g6 3. Bg2 Bg7 4. d4 d5 5. c4 c6 6. Qb3 O-O 7. Nc3 e6 8. e3 b6
9. cxd5 cxd5 10. O-O Ba6 11. Rd1 Bc4 12. Qc2 Nbd7 13. b3 Ba6 14. Ba3 Re8 15.
Rac1 Rc8 16. Qb2 h6 17. Bb4 Bf8 18. Bxf8 Rxf8 19. Qa3 Nb8 20. Ne5 Nfd7 21. Nf3
Re8 22. h3 Rc6 23. Bf1 Bxf1 24. Kxf1 Qf6 25. Kg2 Rec8 26. Ne2 a6 27. Rxc6 Rxc6
28. Rc1 Rxc1 29. Nxc1 e5 30. Ne2 e4 31. Ne1 g5 32. g4 a5 33. Ng3 Nc6 34. Nf5 h5
35. Qc1 hxg4 36. hxg4 Ne7 37. Nxe7+ Qxe7 38. Qc7 Kg7 39. f3 Qe6 40. Kf2 Nf6 41.
Qe5 Kg6 42. Qxe6 fxe6 43. a3 b5 44. b4 a4 45. Ke2 Ne8 46. Nc2 Nd6 47. Kf2 Nc4
48. Ke2 Kf6 49. f4 Nb2 50. Ne1 Kg6 51. Kf2 Nc4 52. Nc2 Nd2 53. Ne1 1/2-1/2

[Event "Quebec-ch Amateur"]
[Site "Montreal CAN"]
[Date "2014.10.12"]
[Round "5"]
[White "Jacquet, Stephane"]
[Black "Trahan, Daniel"]
[Result "0-1"]
[WhiteElo "2030"]
[BlackElo "2057"]
[PlyCount "44"]
[EventDate "2014.10.10"]
[EventType "swiss"]
[EventRounds "7"]
[EventCountry "CAN"]

1. d4 Nf6 2. Nc3 d5 3. Bg5 e6 4. e4 dxe4 5. Nxe4 Be7 6. Bxf6 Bxf6 7. Nf3 O-O 8.
c3 b6 9. Qc2 Bb7 10. Bd3 Nd7 11. O-O-O Qc8 12. Nfg5 Bxg5+ 13. Nxg5 h6 14. h4
Rd8 15. Nh7 c5 16. d5 Bxd5 17. c4 Bc6 18. Rh3 Ne5 19. Rg3 Nxd3+ 20. Rdxd3 Rxd3
21. Qxd3 Qd8 22. Qe2 Kxh7 0-1

[Event "Quebec-ch Amateur"]
[Site "Montreal CAN"]
[Date "2014.10.12"]
[Round "5"]
[White "Le Duin, Thierry"]
[Black "Nikulich, Oleksandr"]
[Result "0-1"]
[WhiteElo "2070"]
[BlackElo "2006"]
[PlyCount "88"]
[EventDate "2014.10.10"]
[EventType "swiss"]
[EventRounds "7"]
[EventCountry "CAN"]

1. d4 f5 2. c4 Nf6 3. Nc3 g6 4. h3 d6 5. Bg5 Bg7 6. e3 O-O 7. Bd3 e5 8. Nge2 c6
9. O-O Be6 10. Rc1 Nbd7 11. b3 Kh8 12. Bb1 Bg8 13. Qc2 Qc7 14. Bh4 Nh5 15. Qd2
Rae8 16. Ng3 Nhf6 17. Rfd1 exd4 18. exd4 d5 19. c5 Re6 20. Re1 Rfe8 21. Rxe6
Rxe6 22. Bg5 Qd8 23. Re1 Qe8 24. Rxe6 Qxe6 25. Qe3 Qxe3 26. fxe3 Ne4 27. Ncxe4
dxe4 28. Ne2 Nf6 29. Nc3 Nd5 30. Nxd5 Bxd5 31. Kf2 Kg8 32. h4 h5 33. Ke2 Kf7
34. g3 Ke6 35. Kd2 Kd7 36. Kc3 b5 37. cxb6 axb6 38. Kb4 Bf8+ 39. Ka4 Kc7 40.
Bf4+ Kb7 41. b4 Bc4 42. Bc2 Bxa2 43. b5 Bc4 44. bxc6+ Kxc6 0-1

[Event "Quebec-ch Amateur"]
[Site "Montreal CAN"]
[Date "2014.10.12"]
[Round "5"]
[White "Robichaud, Louis"]
[Black "Hirschberg, Valerian"]
[Result "0-1"]
[WhiteElo "1982"]
[BlackElo "2319"]
[PlyCount "76"]
[EventDate "2014.10.10"]
[EventType "swiss"]
[EventRounds "7"]
[EventCountry "CAN"]

1. e4 c5 2. d3 Nc6 3. g3 g6 4. Bg2 Bg7 5. f4 e6 6. Nf3 Nge7 7. O-O O-O 8. c3 d6
9. Be3 b6 10. Qe2 Ba6 11. Bf2 Rb8 12. Nbd2 Qc8 13. Rab1 Rd8 14. b4 cxb4 15.
cxb4 Bb5 16. a4 Bxa4 17. b5 Na5 18. Rb4 Bc2 19. Nc4 Bc3 20. Qxc2 Bxb4 21. Qb2
Bc5 22. Qf6 Bxf2+ 23. Rxf2 Rd7 24. Ng5 Qe8 25. Ne3 h6 26. Nxe6 fxe6 27. Bh3 Kh7
28. Qxe6 Rc7 29. f5 gxf5 30. Nxf5 Ng6 31. Qxd6 Qe5 32. d4 Rc1+ 33. Bf1 Qxd6 34.
Nxd6 Rf8 35. Nf5 Nc4 36. Kg2 Rf7 37. Bd3 Rc3 38. Rf3 Nd6 0-1

[Event "Quebec-ch Amateur"]
[Site "Montreal CAN"]
[Date "2014.10.12"]
[Round "5"]
[White "Sambuev, Bator"]
[Black "Libersan, Thierry"]
[Result "1-0"]
[WhiteElo "2569"]
[BlackElo "2215"]
[PlyCount "31"]
[EventDate "2014.10.10"]
[EventType "swiss"]
[EventRounds "7"]
[EventCountry "CAN"]

1. d4 d5 2. c4 e6 3. Nc3 f5 4. Bf4 c6 5. e3 Nf6 6. Bd3 Be7 7. Nf3 O-O 8. Qc2
Ne4 9. g4 Nd7 10. gxf5 exf5 11. cxd5 cxd5 12. Nxd5 Qa5+ 13. Ke2 Bd6 14. b4 Qd8
15. Bxd6 Nxd6 16. Nc7 1-0

[Event "Quebec-ch Amateur"]
[Site "Montreal CAN"]
[Date "2014.10.12"]
[Round "5"]
[White "Turcotte, Jonathan"]
[Black "Gueorguiev, Valentin"]
[Result "1-0"]
[WhiteElo "2127"]
[BlackElo "1922"]
[PlyCount "35"]
[EventDate "2014.10.10"]
[EventType "swiss"]
[EventRounds "7"]
[EventCountry "CAN"]

1. d4 g6 2. e4 Bg7 3. c4 c5 4. d5 d6 5. Nf3 Qa5+ 6. Bd2 Qb6 7. Nc3 f5 8. Bd3
fxe4 9. Nxe4 Nf6 10. Neg5 O-O 11. O-O Qxb2 12. Rb1 Qa3 13. Qe2 Ng4 14. Ne6 Bxe6
15. Qxe6+ Kh8 16. Bxg6 Nxh2 17. Nxh2 hxg6 18. Rb3 1-0